<?xml version="1.0" encoding="UTF-8"?>
<marc:record xmlns:marc="http://www.loc.gov/MARC21/slim">
   <marc:leader>00000nam a2200000 a 4500</marc:leader>
   <marc:datafield ind1="1" ind2=" " tag="100">
      <marc:subfield code="a">Nordqvist, Sven</marc:subfield>
      <marc:subfield code="4">aut</marc:subfield>
      <marc:subfield code="e">Verfasser/-in</marc:subfield>
   </marc:datafield>
   <marc:datafield ind1=" " ind2=" " tag="653">
      <marc:subfield code="a">Nordqvist</marc:subfield>
   </marc:datafield>
   <marc:datafield ind1=" " ind2=" " tag="653">
      <marc:subfield code="a">Sven</marc:subfield>
   </marc:datafield>
   <marc:datafield ind1=" " ind2=" " tag="653">
      <marc:subfield code="a">Illustration</marc:subfield>
   </marc:datafield>
   <marc:datafield ind1=" " ind2=" " tag="653">
      <marc:subfield code="a">Softcover / Kinder- und Jugendbücher/Bilderbücher</marc:subfield>
   </marc:datafield>
   <marc:datafield ind1=" " ind2=" " tag="653">
      <marc:subfield code="a">Bildband</marc:subfield>
   </marc:datafield>
   <marc:datafield ind1="0" ind2="0" tag="245">
      <marc:subfield code="a">Eine Bilderreise</marc:subfield>
   </marc:datafield>
   <marc:datafield ind1=" " ind2="1" tag="264">
      <marc:subfield code="a">Hamburg</marc:subfield>
      <marc:subfield code="b">Verlag Friedrich Oetinger</marc:subfield>
   </marc:datafield>
   <marc:datafield ind1="1" ind2=" " tag="520">
      <marc:subfield code="a">Angaben aus der Verlagsmeldung

Eine Bilderreise / von Sven Nordqvist

Willkommen in Sven Nordqvists fulminanter Bilderwelt! Pettersson und Findus? Die liebt jedes Kind! Doch, was ist das: In Sven Nordqvists Bilderkiste haben sich ja noch ganz andere Schätze versteckt. über die Jahrzehnte hat der Künstler sich den verschiedensten illustrativen Genres gewidmet: Werbung, Postkarten, Wandmalereien und Grafiken gehören ebenso dazu wie die Illustrationen seiner zahlreichen Bilder- und Sachbücher. In diesem Buch führt uns der Meister selbst durch sein Werk. Er erzählt, kommentiert und gibt seinen Lesern so einen ganz persönlichen Einblick in sein Schaffen.
Sven Nordqvists "Eine Bilderreise" zeigt eine umfangreiche Werkschau zum 70. Geburtstag des beliebten Bilderbuchkünstlers sowohl mit bekannten, als auch unbekannten Zeichnungen.
</marc:subfield>
   </marc:datafield>
   <marc:datafield ind1=" " ind2=" " tag="020">
      <marc:subfield code="a">9783789103803</marc:subfield>
      <marc:subfield code="9">9783789103803</marc:subfield>
   </marc:datafield>
   <marc:datafield ind1=" " ind2=" " tag="020">
      <marc:subfield code="a">3789103802</marc:subfield>
      <marc:subfield code="9">3789103802</marc:subfield>
   </marc:datafield>
   <marc:datafield ind1=" " ind2=" " tag="300">
      <marc:subfield code="a">319 Seiten</marc:subfield>
   </marc:datafield>
</marc:record>
